| 000 | 00516 a2200157 4500 | ||
|---|---|---|---|
| 020 | _a0074633112 | ||
| 024 | _a9780074633113 | ||
| 082 | _a519 | ||
| 090 |
_c517 _d517 |
||
| 100 | _aBalagurusamy, E. | ||
| 245 |
_aNumerical Methods / _cE. Balagurusamy |
||
| 260 |
_aNew Delhi, India _bTata McGraw-Hill Publishing Limited _c1999. |
||
| 700 | _4Balagurusamy, E. | ||
| 942 |
_aSNS _cBK _k519 BAL |
||
| 999 |
_c29148 _d29148 |
||